<?xml version="1.0" encoding="UTF-8"?>
<record
    xmlns:xsi="http://www.w3.org/2001/XMLSchema-instance"
    xsi:schemaLocation="http://www.loc.gov/MARC21/slim http://www.loc.gov/standards/marcxml/schema/MARC21slim.xsd"
    xmlns="http://www.loc.gov/MARC21/slim">

  <leader>01085nam a22002537a 4500</leader>
  <controlfield tag="003">OSt</controlfield>
  <controlfield tag="005">20210224115132.0</controlfield>
  <controlfield tag="008">210224s2010    mx a|||gr|||| 00| 0 spa d</controlfield>
  <datafield tag="020" ind1=" " ind2=" ">
    <subfield code="a">9786071108135</subfield>
  </datafield>
  <datafield tag="040" ind1=" " ind2=" ">
    <subfield code="a">CO-JMCR</subfield>
    <subfield code="c">CO-JMCR</subfield>
  </datafield>
  <datafield tag="041" ind1="0" ind2=" ">
    <subfield code="a">spa</subfield>
  </datafield>
  <datafield tag="082" ind1="0" ind2="4">
    <subfield code="a">N / </subfield>
    <subfield code="b">HURg</subfield>
    <subfield code="2">23</subfield>
  </datafield>
  <datafield tag="100" ind1="1" ind2=" ">
    <subfield code="a">Hurley, Tonya, </subfield>
    <subfield code="e">autora</subfield>
    <subfield code="9">13858</subfield>
  </datafield>
  <datafield tag="245" ind1="1" ind2="0">
    <subfield code="a">Ghostgirl : </subfield>
    <subfield code="c">Loca por amor / </subfield>
    <subfield code="b">Tonya Hurley ; traducci&#xF3;n de Alicia Frieyro </subfield>
  </datafield>
  <datafield tag="250" ind1=" " ind2=" ">
    <subfield code="a">Primera edici&#xF3;n </subfield>
  </datafield>
  <datafield tag="260" ind1=" " ind2=" ">
    <subfield code="a">M&#xE9;xico : </subfield>
    <subfield code="b">Alfaguara, </subfield>
    <subfield code="c">2010</subfield>
  </datafield>
  <datafield tag="300" ind1=" " ind2=" ">
    <subfield code="a">337 p&#xE1;ginas : </subfield>
    <subfield code="b">ilustraciones en blanco y negro ; </subfield>
    <subfield code="c">24 cm.</subfield>
  </datafield>
  <datafield tag="520" ind1="0" ind2=" ">
    <subfield code="a">Antes de poder descansar en paz, Charlotte tiene que volver al tr&#xE1;gico escenario de su muerte: el instituto. Todav&#xED;a le queda una ultima misi&#xF3;n que cumplir, tiene que ayudar a una joven que le a sido asignada a resolver algunos problemas personales antes del esperado baile de graduaci&#xF3;n.</subfield>
  </datafield>
  <datafield tag="650" ind1="2" ind2="4">
    <subfield code="a">Estudiantes de secundaria</subfield>
    <subfield code="9">13859</subfield>
  </datafield>
  <datafield tag="650" ind1="2" ind2="4">
    <subfield code="a">Ficci&#xF3;n para adultos j&#xF3;venes</subfield>
    <subfield code="9">13860</subfield>
  </datafield>
  <datafield tag="650" ind1="2" ind2="4">
    <subfield code="a">Fantasmas</subfield>
    <subfield code="9">13861</subfield>
  </datafield>
  <datafield tag="700" ind1="1" ind2=" ">
    <subfield code="a">Frieyro, Alicia, </subfield>
    <subfield code="e">traductora </subfield>
    <subfield code="9">13862</subfield>
  </datafield>
  <datafield tag="942" ind1=" " ind2=" ">
    <subfield code="2">ddc</subfield>
    <subfield code="c">BK</subfield>
  </datafield>
  <datafield tag="999" ind1=" " ind2=" ">
    <subfield code="c">7311</subfield>
    <subfield code="d">7311</subfield>
  </datafield>
</record>
